|
|
|
|
| LEADER |
00693nam a22001577a 4500 |
| 020 |
|
|
|a 978-0-07-147243-2
|
| 082 |
|
|
|a 510.76 MOY/MC
|
| 100 |
|
|
|a Robert E Moyer
|
| 245 |
|
|
|a McGraw- Hill's Conquering
|b GRE/GMAT Math
|
| 260 |
|
|
|a New Delhi
|b Tata McGraw -Hill Publishing Pvt.Ltd.
|c 2007
|
| 300 |
|
|
|a 327
|
| 650 |
|
|
|a introduction
|a basic mathematic review
|a item formats/257
|
| 942 |
|
|
|c BK
|
| 999 |
|
|
|c 168774
|d 168774
|
| 952 |
|
|
|0 0
|1 0
|4 0
|6 510_760000000000000_MOY_MC
|7 0
|9 173596
|a KAUCOAP
|b KAUCOAP
|d 2016-02-25
|o 510.76 MOY/MC
|p KAU_COAP06358
|r 2016-02-25
|w 2016-02-25
|y BK
|
| 952 |
|
|
|0 0
|1 0
|4 0
|6 510_760000000000000_MOY_MC
|7 0
|9 173597
|a KAUCOAP
|b KAUCOAP
|d 2016-02-25
|o 510.76 MOY/MC
|p KAU_COAP06357
|r 2016-02-25
|w 2016-02-25
|y BK
|